Miejscowości w Polish Car Driving - Statystyki

Ogólne statystyki
  • Ten quiz został rozwiązany 46 razy
  • Średni wynik to 14 z 17
Statystyki odpowiedzi
Pierwsza litera Miasto % Poprawnych
D Darłowo
100%
B Bobrowice
94%
B Bobrowiczki
91%
K Karwice
88%
M Malechówko
88%
M Malechowo
88%
S Sławno
85%
G Grzybno
82%
D Domasławice
79%
P Pątnowo
79%
S Słowino
79%
D Darłowiec
76%
R Rusko
76%
K Krupy
74%
S Sęczkowo
71%
S Stary Jarosław
71%
S Smardzewo
68%
Nie znaleziono quizów pasujących do podanych kryteriów
Rozkład punktacji
Procent ludzi z każdym wynikiem
Percentyl według liczby udzielonych odpowiedzi
Twoja historia wyników
Nie rozwiązałeś tego quizu